| 000 | 00993nam a2200241 u 4500 | ||
|---|---|---|---|
| 001 | 000004610 | ||
| 005 | 20200929151453.0 | ||
| 008 | 090724s2005 dr ac r 001 0 spa d | ||
| 040 |
_aDO-SdBNP _bspa _cBNPHU |
||
| 082 | _a070. 97293 | ||
| 100 | 1 |
_aLópez Reyes, Oscar _d1952- _911261 |
|
| 245 | 1 | 3 |
_aEl otro periodismo, el de provincias / _cOscar López Reyes ; prólogo Manuel Quiterio Cedeño. |
| 260 |
_aSanto Domingo : _bBanco Central de la República Dominicana, _c2005. |
||
| 300 |
_a297 p. : _bil., gráf., mapa, retrs. ; _c23 cm. |
||
| 500 | _aIncluye datos biográficos del autor en la solapa | ||
| 504 | _aIncluye referencias bibliográficas (p. 62-63) | ||
| 650 | 4 |
_aPeriodismo regional _zRepública Dominicana _xHistoria _913446 |
|
| 650 | 4 |
_aPeriodismo investigativo _935 |
|
| 650 | 4 |
_aPeriodismo _xServicios de informacion _xHistoria _913447 |
|
| 700 | 1 |
_aQuiterio Cedeño, Manuel _epról. _913448 |
|
| 965 | 4 |
_aPERIODISMO _xASPECTOS SOCIALES _zREPÚBLICA DOMINICANA |
|
| 049 | _aBNPD | ||
| 999 |
_c4418 _d4418 |
||